Statistics for All districts in Lego City Undercover.

Click here to take the quiz!

General Stats

  • This quiz has been taken 15 times
  • The average score is 18 of 22

Answer Stats

HintAnswer% Correct
IslandApollo Island
100%
CityAuburn
100%
BridgeAuburn Bay Bridge
100%
CityCherry Tree Hills
100%
CityDowntown
100%
CityFresco
100%
IslandLady Liberty Island
100%
IslandAlbatross Island
92%
CityBlue Bell National Park
92%
CityFort Meadows
92%
CityLego City Airport
92%
CityUptown
92%
BridgeBlackwell Bridge
83%
CityPagoda
83%
CityParadise Sands
83%
CityFestival Square
75%
CityBright Lights Plaza
67%
CityCrescent Park
67%
CityKings Court
67%
BridgeHeritage Bridge
50%
TunnelCrosstown Tunnel
42%
TunnelGrand Canal
42%

Score Distribution

Percentile by Number Answered

Percent of People with Each Score

Your Score History

You have not taken this quiz